000 00567nam a2200205Ia 4500
001 16861
003 GE_BSU
008 181216s||||||||xx |||||||||||||| ||und||
040 _cGE_BSU
080 _a821.353.1-32
100 _aბეროშვილი, ი.
245 _aმოთხრობები
245 _cრედ.გრ.ჩიქოვანი
260 _aთბილისი
260 _bსაბჭ. მწერალი
260 _c1960
300 _a193გვ. ; 18სმ
653 _aმოთხრობები
942 _cBK
999 _c49925
_d49925